00741nam a2200217 a 4500008004100000020003100041040002500072041001300097044001100110080001200121080001200133100003100145245008200176250001300258260006400271300002800335490002000363500009000383700002400473700002600497951213s1978||||[C 0 slo c c24 Kčs. q(9000 výtl.) aSNKbslocSNKeAACR21 aslohslo axocSK a885.4-3 a885.4-41 aMináč, Vladimír4aut10aKto kráča po cestecVladimír Mináč ; Jozef Gális, Karol Rosmány a5., vyd. aBratislavabSmenac1978eBanská BystricafTlačiarne SNP a212 s., 15,73 AHc20 cm0 aMájvZv. 306. aRozlož. tit. list. Spoluvyd. Mladá fronta a Naše Vojsko, Praha. V Smene 1. vyd.1 aGális, Jozef4bkd1 aRosmány, Karol4bkd